Library of the University of Algiers 3
Ibrahim Sultan Cheibout
شعار جامعة الجزائر 3
مكتبة جامعة الجزائر 3
إبراهيم سلطان شيبوط

تقييم أداء البنوك التجارية : (رقم التسجيلة. 42510)

تفاصيل مارك
000 -LEADER
fixed length control field 00999nam a2200217Ia 4500
003 - CONTROL NUMBER IDENTIFIER
control field Ost
005 - DATE AND TIME OF LATEST TRANSACTION
control field 20260507075041.0
008 - FIXED-LENGTH DATA ELEMENTS--GENERAL INFORMATION
fixed length control field 260507s9999||||xx |||||||||||||| ||und||
040 ## - CATALOGING SOURCE
Transcribing agency fsecg
041 ## - LANGUAGE CODE
Language code of text/sound track or separate title ara
082 ## - DEWEY DECIMAL CLASSIFICATION NUMBER
Classification number 330
100 ## - MAIN ENTRY--PERSONAL NAME
Personal name حماد، طارق عبد العال
Relator term مؤلف
245 #0 - TITLE STATEMENT
Title تقييم أداء البنوك التجارية :
Remainder of title "تحليل العائد والمخاطرة" /
Statement of responsibility, etc. طارق عبد العال حماد
260 ## - PUBLICATION, DISTRIBUTION, ETC.
Place of publication, distribution, etc. الاسكندرية:
Name of publisher, distributor, etc. الدار الجامعية,
Date of publication, distribution, etc. 2001
300 ## - PHYSICAL DESCRIPTION
Extent 263 صفحة؛
Other physical details إيضاحات ؛
Dimensions 24 سم
520 ## - SUMMARY, ETC.
Summary, etc. الحاجة إلى المعلومات وتفسيرها، تحليل العائد والمخاطرة للبنوك التجارية، تحليل القوائم المالية بالتطبيق على بنوك عاملة في مصر، اعداد وتفسير التدفقات النقدية للبنك
653 ## - INDEX TERM--UNCONTROLLED
Uncontrolled term البنوك
653 ## - INDEX TERM--UNCONTROLLED
Uncontrolled term التجارة
653 ## - INDEX TERM--UNCONTROLLED
Uncontrolled term النقود
942 ## - ADDED ENTRY ELEMENTS (KOHA)
Koha item type كتب
المقتنيات
Withdrawn status Lost status Source of classification or shelving scheme Damaged status Not for loan Home library Current library Date acquired Serial enumeration / chronology Inventory number Total checkouts Full call number Barcode Date last seen Price effective from Koha item type
    Dewey Decimal Classification   NOT LOAN / إعارة داخلية مكتبة كلية العلوم الإقتصادية والعلوم التجارية وعلوم التسيير مكتبة كلية العلوم الإقتصادية والعلوم التجارية وعلوم التسيير 07/05/2026 الطابق الأرضي 358/1   أ/358ن1 358/1 07/05/2026 07/05/2026 كتب
    Dewey Decimal Classification   Available مكتبة كلية العلوم الإقتصادية والعلوم التجارية وعلوم التسيير مكتبة كلية العلوم الإقتصادية والعلوم التجارية وعلوم التسيير 07/05/2026 الطابق الثاني 358/2   أ/358ن2 358/2 07/05/2026 07/05/2026 كتب

موارد الويب المفتوحة


© University of Algiers 3 All Rights Reserved
|
Implemented by LECHELAH Riad